000 00499cam a2200169Ia 4500
020 _a0072133775
040 _cTVY
082 0 4 _a621 OSB 2001 A046 Or.
100 1 _aMacRae, Kyle.
245 1 4 _aThe do-it-yourself PC book :
_ban illustrated guide to upgrading and repairing your computer /
246 3 0 _aPC book
260 _a[Berkeley, Calif.] :
_bOsborne/McGraw-Hill,
_cc2001.
300 _a160 p. :
_bcol. ill. ;
_c27 cm.
500 _aIncludes index.
650 0 _aMicrocomputers
942 _cEK
999 _c13647
_d13647